Central Library OPAC University of Rajshahi
Normal view MARC view

Entry Topical Term

Number of records used in: 5

001 - CONTROL NUMBER

  • control field: 4461

003 - CONTROL NUMBER IDENTIFIER

  • control field: BD-RjUL

005 - DATE AND TIME OF LATEST TRANSACTION

  • control field: 20220823110449.0

008 - FIXED-LENGTH DATA ELEMENTS

  • fixed length control field: 220823|| aca||aabn | a|a d

040 ## - CATALOGING SOURCE

  • Original cataloging agency: BD-RjUL
  • Transcribing agency: BD-RjUL

150 ## - HEADING--TOPICAL TERM

  • Topical term or geographic name entry element: Bionomics
  • Form subdivision: Fisheries

670 ## - SOURCE DATA FOUND

  • Source citation: Work cat.: (BD-RjUL)80223: Alam,Mohammad Manjurul 4460, Bionomics of Notopterus Notopterus (Pallas, 1769) /, 2009